Statystyki dla 1 liga 2020/2021

Kliknij tutaj aby rozwiązać quiz!

Ogólne statystyki

  • Ten quiz został rozwiązany 96 razy
  • Średni wynik to 13 z 18

Statystyki odpowiedzi

#klub% Poprawnych
2Arka Gdynia
93%
3ŁKS Łódź
88%
4Widzew Łódź
88%
1Korona Kielce
83%
9Termalica
76%
17Radomiak Radom
74%
10GKS Tychy
72%
13Miedź Legnica
72%
6Resovia
72%
5Górnik Łęczna
68%
7Stomil Olsztyn
67%
16Zagłębie Sosnowiec
67%
14Sandecja Nowy Sącz
65%
8Chrobry Głogów
63%
12GKS Bełchatów
61%
18Odra Opole
61%
11GKS Jastrzębie
60%
15Puszcza Niepołomice
56%

Rozkład punktacji

Percentyl według liczby udzielonych odpowiedzi

Procent ludzi z każdym wynikiem

Twoja historia wyników

Nie rozwiązałeś tego quizu